Vplyv spoločenskej zodpovednosti maloobchodnej spoločnosti na nákupné správanie spotrebiteľov diplomová práca

Saved in:
Bibliographic Details
Main Author: Bilčíková, Monika
Corporate Author: Obchodná fakulta EU. Katedra marketingu
Other Authors: Pavliková, Marta
Format: Book
Language:Slovak
Published: Bratislava 2017
Tags: Add Tag
No Tags, Be the first to tag this record!

MARC

LEADER 00000nbm a2200000 4500
001 0230628
005 20170929111258.0
041 0 |a slo 
044 |a SK 
245 1 0 |a Vplyv spoločenskej zodpovednosti maloobchodnej spoločnosti na nákupné správanie spotrebiteľov  |b diplomová práca  |c Monika Bilčíková ; školiteľ: Marta Pavliková 
264 1 |a Bratislava  |c 2017 
300 |a 69 s. 
100 1 |a Bilčíková, Monika 
700 1 |a Pavliková, Marta 
710 2 |a Obchodná fakulta EU. Katedra marketingu